• 首页
  • 本馆介绍
  • 公告通知
  • 最新文献
  • 馆藏检索
  • 电子资源
  • 读者导购
  • 参考咨询
  • 我的图书馆
  • 登录
  • 详细信息显示
  • 放入我的书架
  • 预约/预借图书
  • 作者相关作品
  • 分类相关作品
  • 丛书相关作品
  • 出版社相关作品

书目信息

  • 表格格式
  • 工作单格式
  • 卡片格式
题名:
欧洲联盟的中国经贸政策
    
 
作者: 杨逢珉 著
分册:  
出版信息: 上海   华东化工学院出版社  2000.12
页数: 226页
开本: 26cm
丛书名:
单 册:
中图分类: F116.7
科图分类:
主题词: 经济--世界 , 国际经济关系
电子资源:
ISBN: 7-5628-1138-5
000 00612nam0 2200205 45
001 0312221749
005 20031222171044.3
010    @a7-5628-1138-5@dCNY27.80
100    @a20031222d2000 km y0chiy0120 ea
101    @achi
105    @a z 000yy
200 1  @a欧洲联盟的中国经贸政策@AOu Zhou Lian Meng De Zhong Guo Jing Mao Zheng Ce@f杨逢珉著@FYang Feng Min Zhu
210    @a上海@c华东化工学院出版社@d2000.12
215    @a226页@d26cm
606 0  @a经济@x世界
606 0  @a国际经济关系
690    @aF116.7@v3
701 0  @a杨逢珉@4著
801    @aCN@bTSTCL@c20031222
905    @a213230@dF116.7@e76@b319238-240@f3
    
    欧洲联盟的中国经贸政策/杨逢珉著.-上海:华东化工学院出版社,2000.12
    226页;26cm
    
    
    ISBN 7-5628-1138-5:CNY27.80
    
●
相关链接 在E读中查询图书 在五车中查询图书 在当当中查询图书 在豆瓣中查询图书


正题名:欧洲联盟的中国经贸政策     索取号:F116.7/76         预约/预借

序号 登录号 条形码 馆藏地/架位号 状态 备注
1 0319238   203192384   第一借阅区/ [索取号:F116.7/76] 在馆    
2 0319239   203192393   第一借阅区/ [索取号:F116.7/76] 在馆    
3 0319240   203192400   第一样本阅览室/ [索取号:F116.7/76] 在馆    
唐山师范学院图书馆 欢迎您!
大连网信软件有限公司© 版权所有